LA MANO FANTASMA : (Registro nro. 44849)
[ vista simple ]
| 000 -LEADER | |
|---|---|
| fixed length control field | 01097nam a2200217 a 4500 |
| 001 - CONTROL NUMBER | |
| control field | 44849 |
| 005 - DATE AND TIME OF LATEST TRANSACTION | |
| control field | 20180714023835.0 |
| 008 - FIXED-LENGTH DATA ELEMENTS--GENERAL INFORMATION | |
| fixed length control field | 140415s1998 mx 000 0 spa d |
| 020 ## - INTERNATIONAL STANDARD BOOK NUMBER | |
| International Standard Book Number | 968476071X |
| 041 ## - LANGUAGE CODE | |
| Language code of text/sound track or separate title | spa |
| 082 ## - DEWEY DECIMAL CLASSIFICATION NUMBER | |
| Classification number | 823 |
| Item number | FAN |
| 100 1# - MAIN ENTRY--PERSONAL NAME | |
| Personal name | FANU, J. SHERIDAN LE |
| 245 13 - TITLE STATEMENT | |
| Title | LA MANO FANTASMA : |
| Remainder of title | Y OTRAS NARRACIONES DE LO SOBRENATURAL |
| 250 ## - EDITION STATEMENT | |
| Edition statement | 2a ed. |
| 260 ## - PUBLICATION, DISTRIBUTION, ETC. | |
| Place of publication, distribution, etc. | MEXICO : |
| Name of publisher, distributor, etc. | DISTRIBUCIONES FONTAMARA, |
| Date of publication, distribution, etc. | 1998 |
| 300 ## - PHYSICAL DESCRIPTION | |
| Extent | 633 |
| Dimensions | x 13 x 21.1 |
| 490 ## - SERIES STATEMENT | |
| Series statement | BOARD OF ADVISORS, ENGINEERING |
| 520 ## - SUMMARY, ETC. | |
| Summary, etc. | JOSEPH SHERIDAN LE FANU ES, RECONOCIDAMENTE UNO DE LOS GRANDES MAESTROS DEL TERROR EN LA LITERATURA UNIVERSAL. SU PROPIO MUNDO MENTAL, ANÍMICO PLAGADO DE OBSESIONES Y PERCEPCIONES HORRENDAS, SE PROYECTA EN UNA OBRA TAN DENSAMENTE SINIESTRA QUE, MUCHAS VECES, EL FANTASMA TRADICIONAL RESULTARÍA EN ELLA UNA PRESENCIA TRANQULIZADORA. INCLUIMOS EN ESTE VOLUMÉN, JUNTO CON OBRAS TAN POPULARES COMO SCHALKEN, EL PINTOR O EL FANTASMA DE SEÑORA CROWL, OTRAS NARRACIONES DE IGUAL CALIDAD. |
| 650 14 - SUBJECT ADDED ENTRY--TOPICAL TERM | |
| Topical term or geographic name entry element | LITERATURA IRLANDESA |
| 700 1# - ADDED ENTRY--PERSONAL NAME | |
| Personal name | HERRANZ, AUGUSTO |
| Relator term | tr. |
| Withdrawn status | Lost status | Source of classification or shelving scheme | Damaged status | Not for loan | Collection code | Home library | Current library | Shelving location | Date acquired | Source of acquisition | Inventory number | Total Checkouts | Total Renewals | Full call number | Barcode | Date last seen | Date last checked out | Price effective from | Koha item type |
|---|---|---|---|---|---|---|---|---|---|---|---|---|---|---|---|---|---|---|---|
| Dewey Decimal Classification | General | Biblioteca Karol Wojtyla | Biblioteca Karol Wojtyla | Sala general | 03/12/2013 | Compra | 151000000000000000032739 | 2 | 1 | 823 FAN | 67420 | 05/01/2026 | 23/02/2023 | 03/12/2013 | Libro |